000 00661nam a2200253Ia 4500
003 OSt
005 20221007110030.0
006 a|||||r|||| 00| 0
007 ta
008 221006b |||||||| |||| 00| 0 eng d
024 _a20,193
037 _cTextual
040 _aLCO
_cLCO
_beng
041 _2eng
_aeng
082 _aZ2,218, M4
100 _aIyer V.R.Krishna
245 0 _aEnvironmental Pollution and the Law
250 _a1st
260 _aIndore
_bVedpal Law House India
_c1984
300 _a168
650 _aENVIRONMENTAL POLLUTION
_9693294
942 _hZ2,218, M4
_cTEXL
999 _c1189756
_d1189756